Seismic vulnerability assessment of reinforced concrete building with vertical setback irregularrties (Record no. 553979)
[ view plain ]
| 000 -LEADER | |
|---|---|
| fixed length control field | 00462nam a22001577a 4500 |
| 082 ## - DEWEY DECIMAL CLASSIFICATION NUMBER | |
| Classification number | T-218 |
| 100 ## - MAIN ENTRY--PERSONAL NAME | |
| Personal name | Muhammad ammar ayub |
| 9 (RLIN) | 51248 |
| 245 ## - TITLE STATEMENT | |
| Title | Seismic vulnerability assessment of reinforced concrete building with vertical setback irregularrties |
| 260 ## - PUBLICATION, DISTRIBUTION, ETC. | |
| Place of publication, distribution, etc. | Risalpur, |
| Name of publisher, distributor, etc. | MCE, |
| Date of publication, distribution, etc. | 2017. |
| 300 ## - PHYSICAL DESCRIPTION | |
| Extent | 124p. |
| 526 ## - STUDY PROGRAM INFORMATION NOTE | |
| Program name | 0 |
| Interest level | 0 |
| Reading level | 0 |
| Title point value | T_218 |
| 526 ## - STUDY PROGRAM INFORMATION NOTE | |
| Program name | 0 |
| Interest level | 0 |
| Reading level | 0 |
| Title point value | T_218 |
| 650 ## - SUBJECT ADDED ENTRY--TOPICAL TERM | |
| Topical term or geographic name entry element | Structure |
| 9 (RLIN) | 51249 |
| 700 ## - ADDED ENTRY--PERSONAL NAME | |
| Personal name | Dr Muhammad Rizwan |
| 9 (RLIN) | 34659 |
| 942 ## - ADDED ENTRY ELEMENTS (KOHA) | |
| Source of classification or shelving scheme | |
| Koha item type | Book |
| Withdrawn status | Lost status | Source of classification or shelving scheme | Damaged status | Not for loan | Permanent Location | Current Location | Date acquired | Total Checkouts | Full call number | Barcode | Date last seen | Price effective from | Koha item type |
|---|---|---|---|---|---|---|---|---|---|---|---|---|---|
| Military College of Engineering (MCE) | Military College of Engineering (MCE) | 09/29/2017 | T-218 | MCE-T-218 | 09/29/2017 | 09/29/2017 | Book | ||||||
| Military College of Engineering (MCE) | Military College of Engineering (MCE) | 10/24/2017 | T-218 | MCE-T-219 | 10/24/2017 | 10/24/2017 | Book |
